Statistics for Cryptic Generator Puzzle

Click here to take the quiz!

General Stats

  • This quiz has been taken 671 times
  • The average score is 7 of 21

Answer Stats

ClueAnswer% Correct
Most important US State? (5)Maine
76%
Good-natured French city (4)Nice
65%
'Big friendly' monster (5)Giant
62%
Type of carpet (5)Magic
62%
Lennon's daydream (7)Imagine
54%
Very attractive? (8)Magnetic
51%
What a shrew needs? (6)Taming
41%
Shooting stars industry? (6)Cinema
40%
Teen's woe (4)Acne
36%
Bring a gent together (5)Agent
35%
Hostile scrambled name (4)Mean
35%
Marseille morning (5)Matin
31%
Support staff? (4)Cane
26%
May baby, maybe (6)Gemini
25%
Person with conviction? (6)Inmate
25%
9-Letter WordENIGMATIC
21%
Depressive partner (5)Manic
19%
Grace period? (4)Amen
16%
Firenze friends (5)Amici
11%
Bottled spirits? (5)Genii
11%
Lab coat ruiner? (5)Mange
6%

Score Distribution

Percentile by Number Answered

Percent of People with Each Score

Your Score History

You have not taken this quiz